Statistiques concernant Mots de la langue française terminés par "cole"

Cliquez ici pour prendre le quiz!

Statistiques générales

  • Ce quiz a été pris 172 fois
  • Le résultat moyen est 6 sur 12

Statistiques - réponses

IndiceMot% Correct
prénom fémininNicole
96%
enseignementécole
93%
champagricole
82%
vinvinicole
69%
mielapicole
52%
bataille du pont d'....Arcole
50%
huîtreostreicole
36%
règlesprotocole
36%
poissonspiscicole
35%
conduiteauto-école
26%
ver de vasearénicole
11%
légumehorticole
4%

Distribution des résultats

Percentile par nombre de réponses

% des personnes avec chaque résultat

Votre développement - résultats

Vous n’avez pas pris ce quiz